Statistics for Cape Verde Country Quiz

Click here to take the quiz!

General Stats

  • This quiz has been taken 1,669 times
    (1,607 since last reset)
  • The average score is 10 of 13

Answer Stats

Clue Answer % Correct
Official languagePortuguese
97%
Until the 1800s, Cape Verde was a supply point in this cruel tradeAtlantic slave trade
96%
Population of Cape Verde in the year 14000
92%
Meaning of "Cape Verde" in English{Green} Cape
91%
Nearest country on the African mainlandSenegal
90%
Largest and most populous island
(shares its name with a South American capital)
Santiago
87%
Cape Verde is one of four "Macaronesian" archipelagos in the Atlantic Ocean.
Name one of the others.
Canary Islands |
Azores | Madeira
87%
Name for Cape Verde in the above{Cabo} Verde
78%
Capital of Cape VerdePraia
75%
Most commonly-spoken languageCape Verdean Creole
61%
English privateer who attacked the islands in 1585Francis Drake
58%
Only mammal that is native to the island (hint: think about how it could have got there)Grey long-eared bat
51%
Currency of Cape VerdeEscudo
42%

Score Distribution

Percentile by Number Answered

Percent of People with Each Score

Your Score History

You have not taken this quiz since the last reset